00367nam a2200121Ia 4500008004100000020002200041041000800063082002100071100001700092245007700109260005100186300000800237230519s9999 xx 000 0 und d a978-81-239-1646-0 aeng aA/611/KHU/DB0353 aKhurana Indu aTextbook of Anatomy and Physiology for Nurses and Allied Health Sciences bCBS Publishers & DistributorsaNew Delhic2009 a512